000 01610nam a22002417a 4500
999 _c63724
_d63724
003 Ge_BSU
005 20251216143043.0
008 251216s2025 ge ||||| |||| 00| 0 geo d
020 _a9789941996443
041 _ageo
080 _a821.112.2.03=353.1 გ-36
245 _aგერმანულენოვანი პოეზია (XIX-XXI სს.) = Deutschsprachige Dichtung aus dem 19. und 21. Jahrhundert :
_b[კრებული] /
_cთარგმნა კონსტანტინე ზ. გამსახურდიამ.
264 _aთბილისი :
_bილია ჭავჭავაძის სახ. საქართველოს ეროვნული ბიბლიოთეკა,
_c 2025.
300 _a354 გვ. ;
_b25 სმ.
500 _aგარეკანი, თავფურცელი და ტექსტი ქართულ და გერმანულ ენებზე.
653 _aგერმანული პოეზია -- თარგმანები ქართულ ენაზე.
700 _aგოეთე, იოჰან ვოლფგანგ
_e ავტორი
_912332
700 _aშილერი, ფრიდრიხ
_eავტორი.
_919518
700 _aნოვალისი
_eავტორი
_914604
700 _aბრენტანო, კლემენს და სხვ.
_eავტორი
_926522
700 _aგამსახურდია, კონსტანტინე ზ.
_eმთარგმნელი
_926523
942 _2udc
_cᲬᲘᲒᲜᲘ